000 00606nam a22001937a 4500
999 _c101368
_d101368
005 20181227104218.0
010 _aENG-115491
020 _a9789385493096
_c330.00
035 _aEN-99023
037 _bDBAD/PUB
082 _a910
245 _aRathore geography /
_cedited by Kunwar Ishwar Singh Rathore
250 _aed. 2016
260 _aDelhi
_bRathore Publishers & Distributors
_c2015
270 _a202,2nd Floor, 4832/24,Ansari Road, Daryaganj
_bDelhi
_e110002
_k01145795251
300 _a233p.
_c24cm(pbk)
700 _dKunwar Ishwar Singh Rathore
942 _2ddc
_cEN
_h910
_mRAT